When credit matters – possible room for ECB's success in quantitative easing from selected EA members' point of view

Účinky nekonvenčných opatrení ECB na domácu ekonomiku. Štandardná politika úrokových sadzieb ECB a model inovácie. Kvantitatívne uvoľňovanie menovej bázy národných centrálnych bánk.

Guardado en:
Detalles Bibliográficos
Autor principal: Kotlebová, Jana, 1969-
Otros Autores: Širaňová, Mária
Formato: Capítulo de libro
Lenguaje:inglés
Materias:
Etiquetas: Agregar Etiqueta
Sin Etiquetas, Sea el primero en etiquetar este registro!

MARC

LEADER 00000naa$a2200000$$$4500
001 0224163
005 20241121133530.7
041 0 |a eng 
044 |a SK 
245 1 0 |a When credit matters – possible room for ECB's success in quantitative easing from selected EA members' point of view  |c Jana Kotlebová, Mária Širaňová 
520 |a Účinky nekonvenčných opatrení ECB na domácu ekonomiku. Štandardná politika úrokových sadzieb ECB a model inovácie. Kvantitatívne uvoľňovanie menovej bázy národných centrálnych bánk. 
610 2 0 |a politika menová 
610 2 0 |a sadzby úrokové 
610 2 0 |a banky medzinárodné 
610 2 0 |a oblasti menové 
610 2 0 |a banky centrálne 
610 2 0 |a uvoľňovanie kvantitatívne 
610 2 0 |a Európska centrálna banka 
610 2 0 |a modely 
100 1 |a Kotlebová, Jana, 1969- 
700 1 |a Širaňová, Mária